[Event "SVK-chT2D 1314"]
[Site "Slovakia"]
[Date "2014.01.11"]
[Round "5.6"]
[White "Lakatos, Patrik"]
[Black "Skovran, Jaroslav"]
[Result "0-1"]
[WhiteElo "1808"]
[BlackElo "2007"]
[PlyCount "68"]
[EventDate "2013.10.19"]
[EventType "team-tourn"]
[EventRounds "11"]
[EventCountry "SVK"]
[SourceTitle "EXT 2015"]
[Source "ChessBase"]
[SourceDate "2014.11.20"]
[SourceVersion "1"]
[SourceVersionDate "2014.11.20"]
[SourceQuality "1"]
[WhiteTeam "Kosice Tahanovce"]
[BlackTeam "Sabinov II"]
[WhiteTeamCountry "SVK"]
[BlackTeamCountry "SVK"]

1. Nc3 d5 2. d4 Nf6 3. Bf4 a6 4. Qd2 e6 5. f3 Nbd7 6. g4 c5 7. e3 b5 8. 0-0-0 Nb6 9. h4 b4 10. Nce2 c4 11. g5 Nfd7 12. e4 c3 13. bxc3 Nc4 14. Qd3 Qa5 15. Kb1 Rb8 16. Ka1 b3 17. cxb3 Rxb3 18. Rb1 Ra3 19. Qc2 Be7 20. Bc1 Ra4 21. exd5 exd5 22. Nf4 Ndb6 23. Bd3 f5 24. Bxc4 Rxc4 25. Rxb6 Qxb6 26. Nxd5 Qxd4 27. cxd4 Rxc2 28. Kb1 Rc4 29. Ne2 Bd6 30. Re1 Kf7 31. Bb2 Bb7 32. Nef4 Rb8 33. Nb6 Rb4 34. Nd7 Bxf4 0-1

[Event "SVK-chT2D 1213"]
[Site "Slovakia"]
[Date "2013.03.16"]
[Round "10.8"]
[White "Kall, Dusan"]
[Black "Lakatos, Patrik"]
[Result "1-0"]
[WhiteElo "1860"]
[BlackElo "1828"]
[PlyCount "37"]
[EventDate "2012.10.13"]
[EventType "team-tourn"]
[EventRounds "11"]
[EventCountry "SVK"]
[SourceTitle "EXT 2015"]
[Source "ChessBase"]
[SourceDate "2014.11.20"]
[SourceVersion "1"]
[SourceVersionDate "2014.11.20"]
[SourceQuality "1"]
[WhiteTeam "Presov Slavia"]
[BlackTeam "Kosice SK"]
[WhiteTeamCountry "SVK"]
[BlackTeamCountry "SVK"]

1. e4 d6 2. d4 Nf6 3. Nc3 g6 4. f4 Bg7 5. Nf3 c5 6. dxc5 Qa5 7. cxd6 Nxe4 8. Bb5+ Bd7 9. Bxd7+ Nxd7 10. 0-0 Qc5+ 11. Kh1 Nf2+ 12. Rxf2 Qxf2 13. Nd5 Rc8 14. c3 exd6 15. Be3 Qxb2 16. Rb1 Qa3 17. Rxb7 Nb6 18. Bxb6 axb6 19. Qe2+ 1-0

[Event "SVK-chT2D 1213"]
[Site "Slovakia"]
[Date "2013.02.17"]
[Round "9.7"]
[White "Lakatos, Patrik"]
[Black "Zahradnik, Vladimir"]
[Result "0-1"]
[WhiteElo "1828"]
[BlackElo "1989"]
[PlyCount "66"]
[EventDate "2012.10.13"]
[EventType "team-tourn"]
[EventRounds "11"]
[EventCountry "SVK"]
[SourceTitle "EXT 2015"]
[Source "ChessBase"]
[SourceDate "2014.11.20"]
[SourceVersion "1"]
[SourceVersionDate "2014.11.20"]
[SourceQuality "1"]
[WhiteTeam "Kosice SK"]
[BlackTeam "Presov Tatran Dason"]
[WhiteTeamCountry "SVK"]
[BlackTeamCountry "SVK"]

1. Nc3 d5 2. e4 d4 3. Nce2 e5 4. Ng3 Be6 5. Nf3 f6 6. c3 c5 7. Bb5+ Nd7 8. d3 g6 9. 0-0 a6 10. Ba4 Bh6 11. h3 Bxc1 12. Qxc1 Rc8 13. Nh2 Ne7 14. f4 exf4 15. Rxf4 Nc6 16. Qd2 0-0 17. Bd1 Nde5 18. c4 Qd6 19. Ng4 Bxg4 20. Bxg4 Nxg4 21. Rxg4 Ne5 22. Nf5 Qc7 23. Nh6+ Kh8 24. Rh4 Nf3+ 25. gxf3 Qg3+ 26. Qg2 Qxh4 27. Ng4 f5 28. Ne5 Qe7 29. f4 fxe4 30. Qxe4 Kg7 31. Rf1 Rf5 32. Kg2 Rcf8 33. Rf3 g5 0-1

[Event "SVK-chT2D 1213"]
[Site "Slovakia"]
[Date "2012.12.16"]
[Round "6.8"]
[White "Lakatos, Patrik"]
[Black "Zigo, Pavol"]
[Result "1/2-1/2"]
[WhiteElo "1828"]
[BlackElo "1788"]
[PlyCount "120"]
[EventDate "2012.10.13"]
[EventType "team-tourn"]
[EventRounds "11"]
[EventCountry "SVK"]
[SourceTitle "EXT 2015"]
[Source "ChessBase"]
[SourceDate "2014.11.20"]
[SourceVersion "1"]
[SourceVersionDate "2014.11.20"]
[SourceQuality "1"]
[WhiteTeam "Kosice SK"]
[BlackTeam "Kosice Slavia TU IV"]
[WhiteTeamCountry "SVK"]
[BlackTeamCountry "SVK"]

1. Nc3 Nf6 2. e4 e5 3. f4 exf4 4. e5 Qe7 5. Qe2 Ng8 6. Nf3 c6 7. d4 g5 8. h4 f6 9. hxg5 fxg5 10. Rh5 Bh6 11. Ne4 d5 12. exd6 Qe6 13. Nfxg5 Bxg5 14. Nxg5 Qxe2+ 15. Bxe2 Nf6 16. Rh6 Ng4 17. Bxg4 Bxg4 18. Bxf4 Nd7 19. Kd2 0-0-0 20. Rxh7 Rxh7 21. Nxh7 Rh8 22. Ng5 Nf6 23. Be5 Rh6 24. Rf1 Nh7 25. Ne4 Be6 26. Nc5 b6 27. Nxe6 Rxe6 28. Rf7 Rh6 29. g4 Kd8 30. d7 c5 31. g5 Nxg5 32. Rg7 Nf3+ 33. Kd3 cxd4 34. Bxd4 Rd6 35. c3 Ne5+ 36. Ke4 Nxd7 37. Rg5 Kc8 38. c4 Kb7 39. Rd5 Kc6 40. Rxd6+ Kxd6 41. Bf2 Kc6 42. Kf4 a6 43. b4 Nf6 44. Bh4 Nd7 45. Be7 Nb8 46. Ke5 Kd7 47. Bf8 Nc6+ 48. Kd5 Kc7 49. a3 Kd7 50. Bd6 Nd8 51. Bg3 Nc6 52. Bh4 Kc7 53. Bf2 Ne7+ 54. Ke6 Nc8 55. a4 Kc6 56. Bg3 b5 57. axb5+ axb5 58. c5 Kb7 59. Kd7 Na7 60. Be1 Nc6 1/2-1/2

[Event "SVK-chT2D 10/11"]
[Site "Slovakia"]
[Date "2010.12.05"]
[Round "4.4"]
[White "Lakatos, Patrik"]
[Black "Sedlakova, Ivana"]
[Result "0-1"]
[WhiteElo "1828"]
[BlackElo "2070"]
[PlyCount "78"]
[EventDate "2010.10.23"]
[EventType "team-tourn"]
[EventRounds "11"]
[EventCountry "SVK"]
[SourceTitle "EXT 2019"]
[Source "ChessBase"]
[SourceDate "2018.10.10"]
[SourceVersion "1"]
[SourceVersionDate "2018.10.10"]
[SourceQuality "1"]
[WhiteTeam "Kosice 1 CC"]
[BlackTeam "Presov Slavia PU"]
[WhiteTeamCountry "SVK"]
[BlackTeamCountry "SVK"]

1. Nc3 d5 2. e4 c6 3. d4 dxe4 4. Nxe4 Bf5 5. Ng3 Bg6 6. h4 h6 7. Nf3 Nd7 8. Bf4 Qa5+ 9. c3 Ngf6 10. Bc4 e6 11. 0-0 Be7 12. Re1 Nd5 13. Qd2 Nxf4 14. Qxf4 0-0-0 15. b4 Qc7 16. Qe3 Bd6 17. Ne5 Bxe5 18. dxe5 Nb6 19. Qc5 Nxc4 20. Qxc4 Rd5 21. Qf4 Rhd8 22. Ne4 Bxe4 23. Qxe4 Rd3 24. Re3 Rxe3 25. Qxe3 Kb8 26. Kf1 Qd7 27. Ke2 Qd5 28. Kf1 Qc4+ 29. Kg1 Rd3 30. Qe2 Rxc3 31. Qd1 Rd3 32. Qh5 Rd7 33. Rd1 Rxd1+ 34. Qxd1 Qd5 35. Qe2 Qd4 36. Qh5 Qxb4 37. Qxf7 Qe1+ 38. Kh2 Qxe5+ 39. g3 Qf6 0-1

[Event "SVK-chT2D 10/11"]
[Site "Slovakia"]
[Date "2010.12.04"]
[Round "3.4"]
[White "Lakatos, Patrik"]
[Black "Garancovsky, Pavol"]
[Result "0-1"]
[WhiteElo "1828"]
[BlackElo "2159"]
[PlyCount "57"]
[EventDate "2010.10.23"]
[EventType "team-tourn"]
[EventRounds "11"]
[EventCountry "SVK"]
[SourceTitle "EXT 2019"]
[Source "ChessBase"]
[SourceDate "2018.10.10"]
[SourceVersion "1"]
[SourceVersionDate "2018.10.10"]
[SourceQuality "1"]
[WhiteTeam "Kosice 1 CC"]
[BlackTeam "Presov Tatran"]
[WhiteTeamCountry "SVK"]
[BlackTeamCountry "SVK"]

1. Nc3 d5 2. e4 d4 3. Nce2 e5 4. Nf3 f6 5. Ng3 Be6 6. Nxe5 fxe5 7. Qh5+ Kd7 8. Qxe5 Nc6 9. Bb5 Qf6 10. Qh5 g6 11. Qe2 Bd6 12. 0-0 Rf8 13. d3 Bf4 14. Bxf4 Qxf4 15. c3 Qe5 16. Bxc6+ bxc6 17. Qd2 dxc3 18. bxc3 Qf4 19. Qc2 Nf6 20. Ne2 Qd6 21. d4 Bc4 22. f3 Nh5 23. Rfe1 g5 24. Rad1 Nf4 25. Nxf4 Rxf4 26. Qa4 Bb5 27. Qb4 Qxb4 28. cxb4 a6 29. a3 0-1